00661nam a22001697a 450000500170000000800410001702200090005804000230006705000110009011000510010124501290015226000360028130000260031765000240034365000350036771000890040220240216123248.0240205b |||||||| |||| 00| 0 eng d a0001 aKMUcKMUdKMUerda aTA 419 aUniversity of Zambia and Copperbelt University aProceedings from the First National Symposium on Timber Industry in Zambia c/University of Zambia and Copperbelt University aZambia :bMission Press,c2006. axii, 180 p. :c29 cm. aDebt Restructuring. aMillennium Development Goals.  aThe Ministry of Tourism, Environment and Natural Resources.bDepartment of Forestry.